000 00332pab a2200109 454500
008 180718b xxu||||| |||| 00| 0 eng d
100 _aDandekar, Kumudini
245 _aThe aged, their problems and social intervention in Maharashtra
650 _aOld Age - India - Maharashtra
773 _aEconomic and Political Weekly
909 _a24598
999 _c24598
_d24598